000 00711cam a22002531 4500
999 _c7606
_d7606
001 7606
003 BD-JhCC
005 20180920124709.0
008 760524s1962 enka 000 0 eng
035 _a(BD-JhCC)7606
035 _a(OCoLC)2190456
040 _aDLC
_cPCoR
_dUk
_dDLC
_dBD-JhCC
041 _aeng
050 0 0 _aQD37
_b.P7
082 _bPOR 1962
_a540
100 1 _aPorter, George,
_d1920-2002.
245 1 0 _aChemistry for the modern world.
_cWith a foreword by Sarvepalli Radhakrishnan.
260 _aLondon,
_bG. G. Harrap
_c[1962]
300 _aix, 116 p.
_billus.
_c21 cm.
440 0 _aScience for the modern world series,
_vv.2
650 0 _aChemistry.
942 _2ddc
_cBK